[Event "DEN-ch corr"]
[Site "Denmark"]
[Date "2000.??.??"]
[Round "?"]
[White "Simmelsgaard, Jes Jorgen"]
[Black "Kramer, Svend Erik"]
[Result "0-1"]
[WhiteElo "2122"]
[BlackElo "2466"]
[PlyCount "97"]
[EventDate "2000.??.??"]
[EventType "tourn (corr)"]
[EventRounds "11"]
[EventCountry "DEN"]
[SourceTitle "Corr 2006"]
[Source "ChessBase"]
[SourceDate "2006.04.01"]
[SourceVersion "3"]
[SourceVersionDate "2006.04.01"]
[SourceQuality "1"]

1. e4 c5 2. Nf3 Nc6 3. Nc3 d6 4. d4 cxd4 5. Nxd4 Nf6 6. Bg5 e6 7. Qd2 a6 8. 0-0-0 h6 9. Bf4 Bd7 10. Nxc6 Bxc6 11. f3 d5 12. Be5 dxe4 13. Qf4 Qa5 14. Bxf6 gxf6 15. Nxe4 Qxa2 16. Qxf6 Qa1+ 17. Kd2 Qa5+ 18. Kc1 Rg8 19. Kb1 Bd5 20. c4 Bxe4+ 21. fxe4 Bg7 22. Qf4 Rd8 23. Rxd8+ Qxd8 24. Be2 Qb6 25. Qd2 Bd4 26. g3 Ke7 27. Rf1 Rd8 28. Rd1 a5 29. Qc1 a4 30. Qc2 Ra8 31. Qd2 e5 32. c5 Qc6 33. Qd3 Ra5 34. Rc1 Rxc5 35. Rxc5 Bxc5 36. Qc4 b5 37. Qc2 Qb6 38. Qc1 b4 39. Bh5 Qb5 40. Be2 Qb6 41. Bh5 Bd6 42. Qxh6 Qg1+ 43. Qc1 Qxh2 44. Qg5+ Kd7 45. Qf5+ Kc6 46. Qc8+ Kb6 47. Qd8+ Bc7 48. Qd1 b3 49. Bxf7 0-1

[Event "DEN-ch corr"]
[Site "Denmark"]
[Date "2000.??.??"]
[Round "?"]
[White "Simmelsgaard, Jes Jorgen"]
[Black "Larsen, Henning"]
[Result "1/2-1/2"]
[WhiteElo "2122"]
[BlackElo "2192"]
[PlyCount "59"]
[EventDate "2000.??.??"]
[EventType "tourn (corr)"]
[EventRounds "11"]
[EventCountry "DEN"]
[SourceTitle "Corr 2006"]
[Source "ChessBase"]
[SourceDate "2006.04.01"]
[SourceVersion "3"]
[SourceVersionDate "2006.04.01"]
[SourceQuality "1"]

1. e4 e5 2. Nf3 Nc6 3. Bb5 a6 4. Ba4 Nf6 5. 0-0 Be7 6. d3 b5 7. Bb3 Bb7 8. c3 0-0 9. Re1 d6 10. a4 Nd7 11. Be3 b4 12. Nbd2 Rb8 13. d4 bxc3 14. bxc3 exd4 15. cxd4 Nb4 16. Qe2 Re8 17. Bf4 d5 18. Rac1 Rc8 19. exd5 Bxd5 20. Bg3 c6 21. h3 Nf8 22. Bc4 Ne6 23. Nb3 Bf6 24. Be5 Nf4 25. Qd2 Bxe5 26. Rxe5 Rxe5 27. dxe5 Nxh3+ 28. gxh3 Bxf3 29. Qxb4 Qg5+ 30. Kf1 1/2-1/2

[Event "DEN-ch corr"]
[Site "Denmark"]
[Date "1999.??.??"]
[Round "?"]
[White "Jorgensen, Eskild"]
[Black "Simmelsgaard, Jes Jorgen"]
[Result "1-0"]
[WhiteElo "2192"]
[BlackElo "2054"]
[PlyCount "101"]
[EventDate "1999.??.??"]
[EventType "tourn (corr)"]
[EventRounds "10"]
[EventCountry "DEN"]
[SourceTitle "Corr 2002"]
[Source "ChessBase"]
[SourceDate "2002.05.23"]
[SourceVersion "1"]
[SourceVersionDate "2002.05.23"]
[SourceQuality "1"]

1. e4 e5 2. Nf3 Nc6 3. Bb5 a6 4. Ba4 Nf6 5. 0-0 Be7 6. Qe2 b5 7. Bb3 d6 8. a4 Bg4 9. c3 0-0 10. Re1 b4 11. a5 bxc3 12. dxc3 Qc8 13. Nbd2 Qb7 14. Bc4 Rfb8 15. Nf1 Nd8 16. Ng3 Be6 17. b4 Qc6 18. Bxe6 Nxe6 19. Bd2 Re8 20. Qd3 Bf8 21. c4 Rab8 22. Rab1 Nf4 23. Qb3 Qb7 24. Qc2 N6h5 25. Nxh5 Nxh5 26. b5 Nf6 27. Bg5 Nd7 28. Be3 Nf6 29. Nd2 Ng4 30. Nf1 Be7 31. h3 Nxe3 32. Nxe3 Bg5 33. Nd5 c6 34. bxc6 Qxc6 35. Rb6 Qc5 36. Rxa6 Red8 37. Qc3 Rdc8 38. Rb6 Ra8 39. a6 Bh4 40. g3 Bg5 41. Reb1 g6 42. Qb4 Qxb4 43. R1xb4 Ra7 44. h4 Bd2 45. Ra4 Kg7 46. Rb2 Rca8 47. Rxd2 Rxa6 48. Rxa6 Rxa6 49. Kg2 h5 50. Rb2 Ra3 51. Rb6 1-0

[Event "DEN-ch corr"]
[Site "Denmark"]
[Date "1998.??.??"]
[Round "?"]
[White "Simmelsgaard, Jes Jorgen"]
[Black "Larsen, Ole Scholler"]
[Result "1-0"]
[WhiteElo "1965"]
[BlackElo "2264"]
[PlyCount "51"]
[EventDate "1998.??.??"]
[EventType "tourn (corr)"]
[EventRounds "10"]
[EventCountry "DEN"]
[SourceTitle "Corr 2004"]
[Source "ChessBase"]
[SourceDate "2003.04.28"]
[SourceVersion "3"]
[SourceVersionDate "2003.04.28"]
[SourceQuality "1"]

1. e4 e6 2. d4 d5 3. e5 c5 4. c3 Bd7 5. Nf3 Nc6 6. Be2 Rc8 7. 0-0 cxd4 8. cxd4 Nge7 9. Nc3 Ng6 10. Bg5 f6 11. exf6 gxf6 12. Be3 Bg7 13. Rc1 0-0 14. Qd2 Rf7 15. Bd3 Be8 16. Ne2 e5 17. Bf5 Bd7 18. Bxg6 hxg6 19. dxe5 fxe5 20. Ng5 Rf6 21. Qxd5+ Be6 22. Qb5 Rc7 23. Nc3 a6 24. Nxe6 Rxe6 25. Qb3 Qe8 26. Ne4 1-0